00464nam a22001697a 450000500170000001000150001702000260003203500140005803700130007208200100008510000180009524500480011326000410016127000420020230000210024450000290026520190103144804.0 aENG-124629 a9789382634874c800.00 aEN-108161 bDBAD/PUB a650.1 aKohli, Manish aCareer success strategies/cby Manish Kohli c2018aAllahabadbMeenakshi Prakashan a5, Khusro Bagh RoadbAllahbade211001 c21cm(Hb)a248p.  aIt includes bibliography